00334 2200133 4500001002100000008004100021035002000062245003700082100000800119260003200127084001400159082000800173990001900181INLIS000000000000136 ind  a0010-0924000125 aKARYA TULIS LOMBA PENELITIAN KIR aTIM aJAKARTA :bDEPDIKBUD.c1990 a000 TIM k a000 a000.1991.00033